|
|
|
|
| LEADER |
00748cam a2200229 7i4500 |
| 001 |
0000076009 |
| 005 |
20230310090000.0 |
| 020 |
|
|
|a 9780170182010 (paperback)
|
| 090 |
0 |
0 |
|a HF5635
|b .J92 2010
|
| 100 |
1 |
|
|a Jones, Stewart
|
| 245 |
1 |
0 |
|a Financial accounting theory
|c Stewart Jones, Ahmed Riahi-Belkaoui.
|
| 250 |
|
|
|a Third edition.
|
| 264 |
|
|
|a Victoria, Australia:
|b Cengage Learning Australia,
|c 2010.
|
| 300 |
|
|
|a xiv, 569 pages;
|c 26 cm.
|
| 336 |
|
|
|a text
|2 rdacontent
|
| 337 |
|
|
|a unmediated
|2 rdamedia
|
| 338 |
|
|
|a volume
|2 rdacarrier
|
| 500 |
|
|
|a Gift: Prof. Dr. Md Sidin bin Ahmad Ishak
|
| 650 |
|
0 |
|a Accounting
|
| 997 |
|
|
|a Business & Accountancy, Faculty
|
| 998 |
|
|
|a Accountancy, Degree
|
| 999 |
|
|
|a 0000072533
|b BOK
|c OPEN SHELF
|e SHAH ALAM
|